Ανταλλαγές Νέων στην Ευρωπαϊκή Κοινότητα (Record no. 9107)
[ view plain ]
| 000 -LEADER | |
|---|---|
| fixed length control field | 01106cam a22001694a 4500 |
| 005 - ΗΜΕΡΟΜΗΝΙΑ ΚΑΙ ΩΡΑ ΤΕΛΕΥΤΑΙΑΣ ΕΝΗΜΕΡΩΣΗΣ | |
| Πεδίο ελέγχου | 20250605163659.0 |
| 008 - FIXED-LENGTH DATA ELEMENTS--GENERAL INFORMATION | |
| Πεδίο ελέγχου σταθερού μήκους | 250528s ||||||||||||||||||||||||d |
| 035 ## - SYSTEM CONTROL NUMBER | |
| System control number | 24213 |
| 040 ## - ΠΗΓΗ ΚΑΤΑΛΟΓΟΓΡΑΦΗΣΗΣ | |
| Φορέας πρωτότυπης καταλογογράφησης | MC Athens Campus Library |
| Γλώσσα καταλογογράφησης | Ελληνικά, Μοντέρνα (1453-) |
| Modifying agency | MC Athens Campus Library |
| Κανόνες περιγραφικής καταλογογράφησης | AACR2 |
| 245 1# - ΤΙΤΛΟΣ ΚΑΙ ΔΗΛΩΣΗ ΥΠΕΥΘΥΝΟΤΗΤΑΣ | |
| Τίτλος | Ανταλλαγές Νέων στην Ευρωπαϊκή Κοινότητα |
| 260 ## - PUBLICATION, DISTRIBUTION, ETC. | |
| Name of publisher, distributor, etc. | Διοικητική Μονάδα 'Εκδόσεις' |
| -- | Οπτικοακουστικός Τομέας, Πληροφόρηση, Επικοινωνία Και Πολιτιστικά Θέματα, |
| Date of publication, distribution, etc. | 1993 |
| 300 ## - PHYSICAL DESCRIPTION | |
| Extent | 8 |
| 520 ## - SUMMARY, ETC. | |
| Summary, etc. | Οι Νέοι της Ευρώπης Μετακινούνται, Η Γνώση δεν Έχει Σύνορα, Προορισμός των Ευρωπαϊκών Ανταλλαγών, Οι Κοινοτικές Χώρες στις Οποίες Πηγαίνουν οι Νέοι με τις Ανταλλαγές Νέων, Νέοι και Επαγγελματική Κατάρτιση, Για την ΟΜΆΔΑ ηΛΙΚΊΑς 15 ΈΩς 25 Ετών, Νεοι για την Ευρώπη. |
| 942 ## - ADDED ENTRY ELEMENTS (KOHA) | |
| Koha item type | Περιοδικά Δημοσιεύματα |
| Τύπος τεκμηρίου | Βιβλιοθήκη | Τρέχουσα τοποθεσία | Barcode | Ημερομηνία απόκτησης | Ταξιθετικό σύμβολο | Αριθμός αντιτύπου | Κατάσταση απόσυρσης | Κατάσταση χαμένου | Κατάσταση κατεστραμμένου | Μη δανεισμός | Σύνολο δανεισμών | Ημερομηνία τελευταίας εμφάνισης | Η τιμή ισχύει από |
|---|---|---|---|---|---|---|---|---|---|---|---|---|---|
| Περιοδικά Δημοσιεύματα | MC Athens Campus Library | MC Athens Campus Library | 9780000091062 | 05/06/2025 | EUROPEAN COMMISSION BULLETIN | 1 | 05/06/2025 | 05/06/2025 |